Регионална библиотека "Любен Каравелов" - Русе

Човешкото тяло (Запис номер 189407)

MARC детайли
000 -Лидер
Контролно поле с фиксирана дължина 01633nam a2200433 c 4500
003 - Код на организацията, давaща контролен номер
Контролно поле BLK
005 - Дата и час на последна редакция
Контролно поле 20221001142436.0
008 - Елементи от данни с фиксирана дължина
fixed length control field 180411b bul|||||r ||||||| ||bul||
010 ## - Наследен системен номер
LC control number KNG00198450000
020 ## - Международен стандартен номер на книга ISBN
Международен стандартен номер на книга ISBN 978-954-660-676-1
-- издат.: ПАН
040 ## - Източник на каталожния запис
Идентификатор на билиотеката - собственик на записа BLK
041 ## - Код за език
Код за езика на текст/звукозапис или на отделно заглавие Български
Код за езика КДБФ Български
072 #7 - Код за тематичната категория
Код организация bullib
Код за тематична категория Н86
Текст Детска отраслова литература Н
080 ## - УДК
Текстов определител УДК Анатомия. Вж и 572 ; 591.4 ; 616.1/.9 ; 343.9 ; 743
УДК код - определител по УДК 611
УДК определител (02.053.2)
УДК - код + определител 611(02.053.2)
080 ## - УДК
Текстов определител УДК Физиология
УДК код - определител по УДК 612
УДК определител (02.053.2)
УДК - код + определител 612(02.053.2)
139 ## - Редно поле
Редна дума Франко, Кати
Авторски знак Франк - Ф 77
245 10 - Сведения за заглавието
Заглавие Човешкото тяло
Редно поле (дума) текст Кати Франко; ил. Жак Даян; прев. Борис Христов.
257 ## - Страна на издаване
Страна на създаване/издаване Франция
260 ## - Област на издателските данни
-- София
Име на издателя, разпространителя и проч. ПАН
Година на издаване 2016
300 ## - Физическа характеристика
Страници 24 с.
Илюстрации и др. с цв. ил.
Размери/Мащаб 29 см
380 ## - Жанр
Жанр Детска отраслова лит.
500 ## - Общи забележки
Забележка Без сведение за ориг. загл.
650 #4 - Допълнително описание по предмет – тема
Основно описание – тема или топоним Анатомия - на човека
9 (RLIN) 254168
650 #4 - Допълнително описание по предмет – тема
Основно описание – тема или топоним Физиология - на човека
9 (RLIN) 254167
653 ## - Ключова дума – ненормативна
Ключова дума човешко тяло
653 ## - Ключова дума – ненормативна
Ключова дума анатомия
653 ## - Ключова дума – ненормативна
Ключова дума физиология
653 ## - Ключова дума – ненормативна
Ключова дума литература за деца
653 ## - Ключова дума – ненормативна
Ключова дума детска литература
659 ## - Тематичен бюлетин
Тематичен бюлетин Н
700 1# - Други автори (авторска отговорност)
Лично име Франко, Кати
Автороска отговорност (Описва отношението между автора и произведението) текст
9 (RLIN) 344818
700 1# - Други автори (авторска отговорност)
Лично име Даян, Жак
Автороска отговорност (Описва отношението между автора и произведението) ил.
9 (RLIN) 344819
700 1# - Други автори (авторска отговорност)
Лично име Христов, Борис
Автороска отговорност (Описва отношението между автора и произведението) прев.
9 (RLIN) 368641
852 ## - Местоположение
Форматна сигнатура Цб ІІ 21622
856 4# - Електронен адрес и достъп
Електронен формат pdf - файл
Път до файла /url/
856 4# - Електронен адрес и достъп
Електронен формат pdf - файл
Път до файла /url/
942 ## - АРТИКУЛИ
Вид на библиотечния материал Книги
Скрит в OPAC Не
Koha issues (borrowed), all copies 9
944 ## - СЪЗДАВАНЕ И РЕДАКЦИЯ на ЗАПИСА
Създаване/Редакция Създаване
Дата на регистрацията/редакция 17.12.2016
Статус, дата на статуса ф /
Служител, извършил регистрацията/редакцията Виолета_Тройчева
944 ## - СЪЗДАВАНЕ И РЕДАКЦИЯ на ЗАПИСА
Създаване/Редакция Редакция
Дата на регистрацията/редакция 27.12.2016
Статус, дата на статуса ф /
Служител, извършил регистрацията/редакцията Людмила_Стоянова
999 ## - СИСТЕМНИ КОНТРОЛНИ НОМЕРА
Koha biblionumber 189407
Koha biblioitemnumber 189407
Наличности
Код за отписване Код за изгубен артикул Източник на класификационната схема Код за повреда Коз за рестрикции Код за отдаване Артикулен № Име на библиотеката - собственик Име на библиотеката, в която се намира в момента Статус (Текущо местоположение) Дата на вписване в системата Местоположение - отдел Цена в лева Инвентарен номер Систематично азбучна сигнатура Баркод Номер на екземпляра Цена в евро Служебна бележка Служебен тип на артикула
  Не е изгубен Universal Decimal Classification Не е повреден без рестрикции заемане за дома 333256 Регионална библиотека "Любен Каравелов" Русе Регионална библиотека "Любен Каравелов" Русе Детски отдел 2016-12-21 Детски отдел 3.90 120000806764 ДН 61/Ф 77 120000806764 1 1.99 Дост: Pk Вид: Ф N: 475 Дата: 19.12.2016 Книги
Изтеглен Не е изгубен Universal Decimal Classification Не е повреден без рестрикции заемане за дома 333257 Регионална библиотека "Любен Каравелов" Русе Регионална библиотека "Любен Каравелов" Русе Детски отдел 2016-12-21 Детски отдел 3.90 120000806765 ДН 61/Ф 77 120000806765 2 1.99 Дост: Pk Вид: Ф N: 475 Дата: 19.12.2016 Книги
  Не е изгубен Universal Decimal Classification Не е повреден само за читалня ползва се в читалня 754817 Регионална библиотека "Любен Каравелов" Русе Регионална библиотека "Любен Каравелов" Русе Хранилище 2020-01-29 Хранилище 3.90   Цб ІІ 24413 120000841830   1.99   Книги
Vip Innovations Ltd, Rousse, Bulgaria 2025